[Event "Asia-ch Blitz U20"]
[Site "Jamshedpur"]
[Date "2023.09.15"]
[Round "2"]
[White "Agarwal, Mukund Hemant"]
[Black "Shaashvat, Gupta"]
[Result "1-0"]
[WhiteElo "1562"]
[BlackElo "1385"]
[PlyCount "122"]
[EventDate "2023.09.15"]
[EventType "swiss (blitz)"]
[EventRounds "9"]
[EventCountry "IND"]
[SourceTitle "EXT 2024"]
[Source "ChessBase"]
[SourceDate "2023.10.10"]
[SourceVersion "1"]
[SourceVersionDate "2023.10.10"]
[SourceQuality "1"]

1. e4 c5 2. Nf3 d6 3. Bb5+ Bd7 4. Bxd7+ Qxd7 5. c4 Nc6 6. Nc3 Nf6 7. d4 cxd4 8. Nxd4 g6 9. h3 Bg7 10. Be3 0-0 11. 0-0 a6 12. a4 Rfc8 13. b3 Rab8 14. Rc1 Ne8 15. Nd5 Qd8 16. Qd2 Nf6 17. Nc3 Nd7 18. Rfd1 Nc5 19. Rb1 Nd7 20. Nde2 Nf6 21. Bh6 Qa5 22. Bxg7 Kxg7 23. Qe3 b6 24. Nd5 Qc5 25. Qc3 Ne5 26. Nxe7 Nxe4 27. Qd4 Re8 28. Nd5 Qxd4 29. Nxd4 Nc5 30. f4 Ned3 31. b4 Re4 32. bxc5 Rxd4 33. cxb6 a5 34. Rb3 Nc5 35. Rxd4 Nxb3 36. Rd3 Nc5 37. Re3 Nxa4 38. Re7 Nxb6 39. Ne3 a4 40. Ra7 Rc8 41. Ra6 Nxc4 42. Nd5 a3 43. Ra7 Rb8 44. Kh2 Rb2 45. Nc7 a2 46. Ra4 Nb6 47. Ra6 Nd7 48. Ne8+ Kf8 49. Nxd6 Nc5 50. Ra8+ Ke7 51. Nc4 Rc2 52. Ne3 Re2 53. Nd5+ Ke6 54. Nb4 Nb3 55. Nxa2 Nd4 56. Nc3 Rc2 57. Ne4 Kd5 58. Nf6+ Ke6 59. Nxh7 Ne2 60. Ng5+ Kf6 61. Ra7 Rc4 1-0

[Event "Asia-ch Blitz U20"]
[Site "Jamshedpur"]
[Date "2023.09.15"]
[Round "5"]
[White "Shaashvat, Gupta"]
[Black "Kadam, Arnav"]
[Result "0-1"]
[WhiteElo "1385"]
[BlackElo "1548"]
[PlyCount "148"]
[EventDate "2023.09.15"]
[EventType "swiss (blitz)"]
[EventRounds "9"]
[EventCountry "IND"]
[SourceTitle "EXT 2024"]
[Source "ChessBase"]
[SourceDate "2023.10.10"]
[SourceVersion "1"]
[SourceVersionDate "2023.10.10"]
[SourceQuality "1"]

1. d4 d5 2. c4 c6 3. Nc3 Nf6 4. Bg5 a6 5. c5 Nbd7 6. Nf3 h6 7. Bh4 g5 8. Bg3 Bg7 9. e3 Nh5 10. Bd3 Nxg3 11. hxg3 e5 12. Nxe5 Nxe5 13. dxe5 Bxe5 14. Qd2 Qe7 15. Na4 Be6 16. Rc1 d4 17. exd4 Bxd4 18. 0-0 Bg7 19. Qe2 0-0 20. Bc4 Rfe8 21. Rfe1 Qf6 22. Bxe6 Rxe6 23. Qc4 Rae8 24. Rxe6 Rxe6 25. Qb3 Qe7 26. Nc3 Bd4 27. Na4 Re1+ 28. Rxe1 Qxe1+ 29. Kh2 Bxf2 30. Qd3 Bg1+ 31. Kh3 Qe6+ 32. g4 Qe5 33. Qg3 Qd4 34. b3 Bf2 35. Qf3 h5 36. Qf5 Qe3+ 37. Qf3 hxg4+ 38. Kxg4 Qe6+ 39. Qf5 Qe2+ 40. Qf3 Qxf3+ 41. gxf3 Be3 42. Nc3 f6 43. Ne4 Kf7 44. Nd6+ Ke6 45. Nxb7 Bf4 46. Nd8+ Kd5 47. b4 Bd2 48. a3 Bc1 49. a4 Ba3 50. b5 axb5 51. axb5 cxb5 52. Nb7 Bxc5 53. Kf5 Bd4 54. Na5 b4 55. Kg6 Be5 56. Kf5 Ba1 57. Nb3 Bc3 58. Na5 Kc5 59. Ke4 Kb5 60. Nb3 Be5 61. Kd3 Ka4 62. Kc2 Ka3 63. Nc5 Bd4 64. Nb3 Be5 65. Nc5 f5 66. Nb3 g4 67. fxg4 fxg4 68. Nd2 g3 69. Nf3 Bf4 70. Ng1 b3+ 71. Kb1 Be3 72. Nf3 g2 73. Ne1 g1Q 74. Ka1 Qxe1# 0-1

[Event "Asia-ch Blitz U20"]
[Site "Jamshedpur"]
[Date "2023.09.15"]
[Round "8"]
[White "Singla, Aaryan"]
[Black "Shaashvat, Gupta"]
[Result "1-0"]
[WhiteElo "1477"]
[BlackElo "1385"]
[PlyCount "68"]
[EventDate "2023.09.15"]
[EventType "swiss (blitz)"]
[EventRounds "9"]
[EventCountry "IND"]
[SourceTitle "EXT 2024"]
[Source "ChessBase"]
[SourceDate "2023.10.10"]
[SourceVersion "1"]
[SourceVersionDate "2023.10.10"]
[SourceQuality "1"]

1. d4 Nf6 2. c4 g6 3. Nc3 Bg7 4. e4 d6 5. Nf3 0-0 6. Be2 e5 7. d5 a5 8. Bg5 Na6 9. Nd2 h6 10. Be3 Nc5 11. Qc2 Nh7 12. 0-0 f5 13. f3 f4 14. Bf2 g5 15. b3 Nf6 16. a3 h5 17. b4 axb4 18. axb4 Rxa1 19. Rxa1 Na6 20. c5 Nxb4 21. Qb3 Na6 22. c6 b5 23. Bxb5 Nb8 24. Be2 Bg4 25. fxg4 Nxg4 26. Bxg4 hxg4 27. Ra8 f3 28. g3 Qe8 29. Nd1 Bh6 30. Ne3 Bg7 31. Ndf1 Qd8 32. Qb7 Bf6 33. Nxg4 Qe8 34. Nxf6+ Kf7 1-0

[Event "Asia-ch U20"]
[Site "Jamshedpur"]
[Date "2023.09.10"]
[Round "3"]
[White "Daakshin, Arun"]
[Black "Shaashvat, Gupta"]
[Result "1-0"]
[WhiteElo "2427"]
[BlackElo "1447"]
[PlyCount "77"]
[EventDate "2023.09.09"]
[EventType "swiss"]
[EventRounds "9"]
[EventCountry "IND"]
[SourceTitle "EXT 2024"]
[Source "ChessBase"]
[SourceDate "2023.10.10"]
[SourceVersion "1"]
[SourceVersionDate "2023.10.10"]
[SourceQuality "1"]

1. d4 Nf6 2. c4 g6 3. Nc3 Bg7 4. e4 d6 5. Be2 0-0 6. h4 h5 7. Nf3 e5 8. d5 a5 9. Ng5 Na6 10. Be3 Bd7 11. Qd2 c5 12. dxc6 Bxc6 13. 0-0-0 Ne8 14. g4 Nf6 15. gxh5 gxh5 16. Rhg1 Qd7 17. Qxd6 Qxd6 18. Rxd6 Rfd8 19. Rxf6 Bxf6 20. Ne6+ Kh8 21. Nxd8 Rxd8 22. Bxh5 Rd7 23. Bg4 Rd8 24. Nd5 Bxd5 25. cxd5 Be7 26. Kd2 Nc5 27. Bf5 b6 28. h5 Rg8 29. Rxg8+ Kxg8 30. h6 f6 31. h7+ Kh8 32. Bxc5 Bxc5 33. a4 Kg7 34. f3 Kh8 35. Kd3 b5 36. axb5 Bb6 37. Kc4 Kg7 38. b3 Kh8 39. d6 1-0

[Event "Asia-ch Rapid U20"]
[Site "Jamshedpur"]
[Date "2023.09.08"]
[Round "4"]
[White "Panda, Sambit"]
[Black "Shaashvat, Gupta"]
[Result "1-0"]
[WhiteElo "2262"]
[BlackElo "1428"]
[PlyCount "83"]
[EventDate "2023.09.08"]
[EventType "swiss (rapid)"]
[EventRounds "9"]
[EventCountry "IND"]
[SourceTitle "EXT 2024"]
[Source "ChessBase"]
[SourceDate "2023.10.10"]
[SourceVersion "1"]
[SourceVersionDate "2023.10.10"]
[SourceQuality "1"]

1. d4 Nf6 2. c4 g6 3. Nc3 Bg7 4. e4 d6 5. h3 0-0 6. Be3 e5 7. d5 a5 8. g4 Na6 9. Qd2 Nc5 10. f3 Bd7 11. Nge2 b5 12. cxb5 a4 13. Ng3 Qb8 14. h4 Ne8 15. h5 f6 16. hxg6 hxg6 17. Bh6 Kf7 18. Bc4 Rh8 19. 0-0-0 Qa7 20. Be3 a3 21. b4 Rxh1 22. Rxh1 Nxe4 23. Ngxe4 Qb7 24. Nc5 dxc5 25. bxc5 Nd6 26. cxd6 cxd6 27. b6 f5 28. gxf5 Bxf5 29. Nb5 Qd7 30. Qb4 Kg8 31. Qxd6 Ra4 32. Qxd7 Rxc4+ 33. Kd2 Bxd7 34. b7 Rc8 35. bxc8Q+ Bxc8 36. Nd6 Ba6 37. Rc1 Bf8 38. Rc6 Bf1 39. Ne4 Bg2 40. Ke2 Kg7 41. d6 Bh3 42. Rc7+ 1-0

[Event "Asia-ch Rapid U20"]
[Site "Jamshedpur"]
[Date "2023.09.08"]
[Round "6"]
[White "Shaashvat, Gupta"]
[Black "Thejas, K."]
[Result "0-1"]
[WhiteElo "1428"]
[BlackElo "1380"]
[PlyCount "86"]
[EventDate "2023.09.08"]
[EventType "swiss (rapid)"]
[EventRounds "9"]
[EventCountry "IND"]
[SourceTitle "EXT 2024"]
[Source "ChessBase"]
[SourceDate "2023.10.10"]
[SourceVersion "1"]
[SourceVersionDate "2023.10.10"]
[SourceQuality "1"]

1. e4 e5 2. Nf3 Nc6 3. Bb5 a6 4. Ba4 Nf6 5. 0-0 Be7 6. Re1 b5 7. Bb3 0-0 8. d3 d6 9. c3 Bg4 10. Nbd2 Na5 11. Bc2 c5 12. Nf1 Qc7 13. h3 Bh5 14. g4 Bg6 15. Ng3 h5 16. g5 Nh7 17. h4 Qd7 18. Kg2 f6 19. Rh1 Qe8 20. Be3 Qf7 21. b4 Nb7 22. Qe2 c4 23. dxc4 bxc4 24. gxf6 Bxf6 25. Ng5 Qd7 26. Qxc4+ d5 27. Qe2 d4 28. Nxh7 Kxh7 29. Bg5 dxc3 30. Nxh5 Be7 31. Ng3 Bxb4 32. h5 Be8 33. Rad1 Qf7 34. Bb3 Qc7 35. Nf5 Bc6 36. Nh4 Bc5 37. f3 Bb5 38. Bc4 Be7 39. Bxb5 axb5 40. Qe3 Rxa2+ 41. Kg1 Bc5 42. Ng6 Bxe3+ 43. Bxe3 Rxf3 0-1